000 nam a22 7a 4500
999 _c331593
_d331593
003 NUST
005 20171004161516.0
008 171004b xxu||||| |||| 00| 0 eng d
020 _a9693515897
040 _cNUST
082 _a954.91
_bJIN
245 _aFatima Jinnah:
_bthrough the pages/
_ccomplied by Leonard D'souza and Nosheen D'souza
260 _aLahore:
_bSang -e- Meel Publications,
_c2004
300 _a118 p
504 _aIncludes bibliography
650 _aHistory of Pakistan
_95264
942 _2ddc
_cBK